000 nam a22 7a 4500
999 _c28154
_d28154
008 170220b xxu||||| |||| 00| 0 eng d
020 _a9781567656404
050 _aHB 171.5 .A58 2007
100 _aAntel, Gerson
245 _aEconomics for Every body /
_cGerson Antell and Walter Harris
250 _a3rd ed.
260 _aNew York :
_bAMSCO ,
_c2007.
300 _aviii, 630p. :
_bill. ;
500 _aincludes index
650 _2economics
700 _aHarris, walter
942 _2lcc
_cBOOKS
_hHB 171.5 .A58 2007